000 00626nam a2200253Ia 4500
003 OSt
005 20220912150657.0
006 a|||||r|||| 00| 0
007 ta
008 220909b |||||||| |||| 00| 0 eng d
024 _a52703
037 _cTextual
040 _aCSL
_beng
_cCSL
041 _aeng
082 _aJ7, L5
100 _aDempsey James M
245 0 _aFiber crops
260 _aGainesville
_bUniversity Presses of Florida
_c1975
300 _axiii, 457p.
_ccm.
650 _a Fabric
650 _aAgriculture
942 _hJ7, L5
_cTEXL
_2CC
999 _c52323
_d52323